The datafied child: The dataveillance of children and implications for their rights (Record no. 347540)
[ view plain ]
| 000 -LEADER | |
|---|---|
| fixed length control field | 00473nam a2200133Ia 4500 |
| 008 - FIXED-LENGTH DATA ELEMENTS--GENERAL INFORMATION | |
| fixed length control field | 171207s9999 xx 000 0 und d |
| 100 ## - MAIN ENTRY--PERSONAL NAME | |
| Personal name | Lupton, Deborah |
| 245 #4 - TITLE STATEMENT | |
| Title | The datafied child: The dataveillance of children and implications for their rights |
| 245 ## - TITLE STATEMENT | |
| Statement of responsibility, etc | Deborah Lupton, Ben Williamson |
| 260 ## - PUBLICATION, DISTRIBUTION, ETC. (IMPRINT) | |
| Date of publication, distribution, etc | 2017 |
| 300 ## - PHYSICAL DESCRIPTION | |
| Extent | pages 780-94, May 2017 |
| 440 ## - SERIES STATEMENT/ADDED ENTRY--TITLE | |
| Title | New Media & Society |
| Volume number/sequential designation | 19:5 |
| 650 ## - SUBJECT ADDED ENTRY--TOPICAL TERM | |
| Topical term or geographic name as entry element | CHILDREN, DATAFICATION, DIGITAL DATA, EDUCATION, PARENTS, RIGHTS |
| Withdrawn status | Lost status | Damaged status | Home library | Current library | Date acquired | Total Checkouts | Date last seen | Price effective from | Koha item type |
|---|---|---|---|---|---|---|---|---|---|
| College Library | College Library | 12/07/2017 | 12/07/2017 | 12/07/2017 | Periodicals |